000 00221nam a2200097 a 4500
005 20201002052703.0
008 150702s2004 000 spa d
245 0 _aPuntillazos.
260 _as. l.,
_cs. f.
999 _c45664
_d45664
040 _aDO-SdBNP